| 000 | 00557nam a2200157 a 4500 | ||
|---|---|---|---|
| 008 | 120416s1979 ||||||||||||||||| || u | ||
| 050 | _aT 58.6 Bur | ||
| 100 | _aGrudnitski, Gary | ||
| 245 | 1 | 0 | _aInformation systems: theory and practice. (2nd ed.) |
| 250 | _a2nd ed. | ||
| 260 |
_aNew York _bJohn Wiley and Sons _c1979 |
||
| 300 | _axv, 571p. : ill. | ||
| 350 | _a0.00 | ||
| 700 | _aBurch, John G | ||
| 995 |
_D0.00 _FCBU-MAIN LIBRARY (Kitwe) _H1 _I0.00 _M1 _UAVAILABLE _ZMain Library Open Access Collection |
||
| 999 |
_c46918 _d46918 |
||